| 000 | 00907nam a2200241 a 4500 | ||
|---|---|---|---|
| 005 | 20200104041544.0 | ||
| 008 | 140312s2000 ck ab gr|||| 000 0 spa d | ||
| 040 |
_aCO-BoIAVH _cCO-BoIAVH |
||
| 041 | 0 | _aspa | |
| 044 | _ack | ||
| 090 |
_aEA _b348 |
||
| 110 | 2 |
_bColombia _aCorporación Autónoma Regional del Alto Magdalena |
|
| 245 |
_aEsquema de Ordenamiento Territorial : _bmunicipio de Campoalegre / _cCorporación Autónoma Regional del Alto Magdalena |
||
| 260 |
_aNeiva : _bCorporación Autónoma Regional del Alto Magdalena, _c2000? |
||
| 300 |
_a60 páginas : _bIlustraciones, mapas ; _c27 x 21 cm. |
||
| 650 | 6 | _aOrdenamiento territorial | |
| 650 | 6 | _aUso del suelo | |
| 650 | 6 | _aDesarrollo territorial | |
| 650 | 6 | _aZonificación ambiental | |
| 650 | 6 | _aPlanes de ordenamiento ambiental | |
| 662 |
_aColombia _bHuila _dCampoalegre |
||
| 942 |
_cLIBRO _2z |
||
| 999 |
_c3834 _d3834 |
||